Statistics for Landlocked Countries Bordering Austria

Click here to take the quiz!

General Stats

  • This quiz has been taken 45 times
  • The average score is 5 of 5

Answer Stats

Landlocked Country % Correct
Switzerland
100%
Liechtenstein
95%
Hungary
95%
Slovakia
95%
Czech Republic
93%

Score Distribution

Percentile by Number Answered

Percent of People with Each Score

Your Score History

You have not taken this quiz